000 00371nam a22001697a 4500
003 UA-OsUOA
001 4650
007 ta
008 20050721b un ||||| |||| 00| 0 ukr d
100 _aDavid
700 _aMichel
942 _cBK
040 _aUA-OsUOA
_cUA-OsUOA
_dUA-OsUOA
245 _aPrecis Pratique de Grammaire Francaise.
_bFrench
955 _a2
650 7 _2UDC
999 _c290812
_d290812